|
|
|
|
| LEADER |
00959nam a2200277 a 4500 |
| 001 |
001082305 |
| 003 |
CZ BrMZK |
| 005 |
20100113132024.0 |
| 007 |
ta |
| 008 |
030801s1894 xr f cze d |
| 040 |
|
|
|a BOA001
|b cze
|c BOA001
|
| 041 |
1 |
|
|a cze
|h rus
|
| 100 |
1 |
|
|a Gruzin'skij, Aleksandr Jevgenovič
|4 aut
|
| 245 |
1 |
0 |
|a Veselé črty /
|c Aleksandr Jevgenovič Gruzin'skij ; z ruštiny přeložil F.J. Matěcha
|
| 260 |
|
|
|a V Praze :
|b F. Šimáček,
|c 1894
|
| 300 |
|
|
|a 62 s.
|
| 490 |
1 |
|
|a Levné svazky novel ;
|v sv. 33
|
| 501 |
|
|
|a Obsahuje přívazek: Červený květ a jiné novely / V.M. Garšin
|
| 700 |
1 |
|
|a Matěcha, F. J.
|7 jk01080626
|4 trl
|
| 830 |
|
0 |
|a Levné svazky novel
|0 s
|
| 910 |
|
|
|a BOA001
|b 1-0371.885
|
| 964 |
|
|
|a Bohemika - stol. 19.
|
| 990 |
|
|
|a BK
|
| 993 |
|
|
|a Y
|
| 996 |
6 |
|
|b 2619264248
|c 1-0371.885
|l MZK
|r Sklad / do 1 hodiny
|n 0
|w 001104602
|u 000010
|a 1
|e BOA001
|j MZK50
|s P
|
| 994 |
|
|
|a DN
|l MZK01
|b 001082307
|m záznam 1. díla
|n přívazek
|